[Event "Ostrava SMP op"]
[Site "Ostrava"]
[Date "2006.05.04"]
[Round "6"]
[White "Bok, Tomas"]
[Black "Zizka, Radim"]
[Result "0-1"]
[WhiteElo "1734"]
[BlackElo "1660"]
[PlyCount "76"]
[EventDate "2006.04.29"]
[EventType "swiss"]
[EventRounds "9"]
[EventCountry "CZE"]
[SourceTitle "EXT 2008"]
[Source "ChessBase"]
[SourceDate "2007.11.25"]
[SourceVersion "1"]
[SourceVersionDate "2007.11.25"]
[SourceQuality "1"]

1. e4 e5 2. Nf3 Nc6 3. g3 Nf6 4. d3 Bc5 5. Bg2 d6 6. h3 Be6 7. Be3 Bxe3 8. fxe3 Qd7 9. Ng5 h6 10. Nxe6 Qxe6 11. Nc3 Ne7 12. Qf3 c6 13. h4 h5 14. Bh3 Ng4 15. Rf1 Rf8 16. Bxg4 hxg4 17. Qe2 0-0-0 18. 0-0-0 Qg6 19. Rf2 f6 20. d4 Kc7 21. Qc4 a6 22. Nd5+ Nxd5 23. exd5 Qe8 24. Rd3 b5 25. Qc3 Kb6 26. dxe5 dxe5 27. d6 Qe6 28. Qa3 Rd7 29. b4 Rxd6 30. Qa5+ Kb7 31. Rxd6 Qxd6 32. Rd2 Qc7 33. Qxc7+ Kxc7 34. Re2 Rd8 35. c3 e4 36. Kc2 Rd3 37. Rd2 Rxe3 38. Rd4 f5 0-1

[Event "Ostrava op-B"]
[Site "Ostrava"]
[Date "2003.05.05"]
[Round "4"]
[White "Bok, Tomas"]
[Black "Matzner, Radomil"]
[Result "1/2-1/2"]
[WhiteElo "1767"]
[BlackElo "1632"]
[PlyCount "54"]
[EventDate "2003.05.03"]
[EventType "swiss"]
[EventRounds "10"]
[EventCountry "CZE"]
[SourceTitle "EXT 2006"]
[Source "ChessBase"]
[SourceDate "2005.11.24"]
[SourceVersion "1"]
[SourceVersionDate "2005.11.24"]
[SourceQuality "1"]

1. e4 e5 2. c4 Nf6 3. Nc3 Bc5 4. Be2 d6 5. d3 h6 6. Nf3 0-0 7. 0-0 Nc6 8. a3 Nd4 9. Nxd4 Bxd4 10. Be3 c5 11. Qd2 Bg4 12. Bxd4 Bxe2 13. Nxe2 cxd4 14. f4 Ng4 15. f5 Qh4 16. h3 Ne3 17. Rf3 g5 18. Qe1 Qxe1+ 19. Rxe1 f6 20. Rc1 Rac8 21. Ng3 a5 22. Nf1 Nxf1 23. Rfxf1 b6 24. b4 a4 25. Rc2 Rc7 26. Rfc1 Rfc8 27. g3 h5 1/2-1/2